000 00837nam a2200277 4500
001 303517
003 NUST-PNEC
005 20170116180708.0
008 721219s1972 enka b 001 0 eng
010 _a 72195188
015 _aB72-13309
020 _a0853332282
040 _cPNEC
050 0 0 _aTP968
_b.A47
082 0 0 _a620.199 AIT
100 1 _aAitken, D. F.
245 1 0 _aEngineer's handbook of adhesives;
_cedited by D. F. Aitken.
260 _aBrighton,
_bMachinery Publishing,
_c1972.
300 _a176 p.
_billus.
_c23 cm.
350 _a£3.50
500 _aIncludes Index http://www.worldcat.org/title/engineers-handbook-of-adhesives/oclc/584485&referer=brief_results
504 _aBibliography: p. 167-169.
650 0 _aAdhesives.
_xME
906 _a7
_bcbc
_corignew
_d4
_encip
_f19
_gy-gencatlg
942 _2ddc
_cBK
999 _c60835
_d60835